000 01002nam0a22002531 4500
001 v19\rc\1395698
005 20260405223737.0
035 _a(NLR Aleph) 005222186
090 _a5516723
_c5516723
100 _a20060512d1870 |||y0rusy50 ca
101 0 _arus
102 _aRU
105 _ay j |||||
200 1 _aО приспособлении русской азбуки к звуковой методе обучения грамоте
_eПубл. лекция, чит. в Полтаве 19 марта 1870 г. С.Н. Кулябкой
210 _aСанкт-Петербург
_cтип. А.М. Котомина
_d1870
215 _a16 с.
_d18
700 1 _8rus
_7ca
_aКулябка
_bС. Н.
_f1842-1908
_gСергей Николаевич
_3RU\NLR\AUTH\77101911
_984837
801 0 _aRU
_bNLR
_c20060512
_gpsbo
801 0 _aRU
_bRuMoRGB
_c20060512
_2psbo
801 1 _aRU
_bProSoft-M
_c20060512
_2rusmarc
801 2 _aRU
_bNLR
_c20110804
_2rusmarc
852 _aNLR
_j18.116.5.54
942 _cBOOK
980 _aNB